Language Quiz

Random Language or Letter Quiz

Five Letter Words by First and Last Letter Quiz Stats

Quiz not verified by Sporcle

Also try: 'Arc' Words
Challenge
Share
Tweet
Score 0/16 Timer 03:00
0 Plays Today
First and Last Letters Five Letter Word % Correct
Q _ _ _ RQUEER
93.5%
Q _ _ _ AQUOTA
91.3%
Y _ _ _ GYOUNG
91.3%
W _ _ _ WWIDOW
84.8%
Q _ _ _ MQUALM
82.6%
P _ _ _ BPLUMB
76.1%
V _ _ _ GVYING
73.9%
Z _ _ _ HZILCH
73.9%
First and Last Letters Five Letter Word % Correct
A _ _ _ FALOOF
71.7%
D _ _ _ PDROOP
67.4%
T _ _ _ FTHIEF
63%
B _ _ _ BBLURB
60.9%
K _ _ _ ZKLUTZ
54.3%
E _ _ _ CETHIC
52.2%
M _ _ _ FMOTIF
47.8%
A _ _ _ ZABUZZ
21.7%

You're not logged in!

Compare scores with friends on all Sporcle quizzes.
Sign Up with Email
OR
Log In

You Might Also Like...

Show Comments

Extras

Top Quizzes Today


Score Distribution

Your Account Isn't Verified!

In order to create a playlist on Sporcle, you need to verify the email address you used during registration. Go to your Sporcle Settings to finish the process.